Biggest States in the World - Statistics

General Stats
  • This quiz has been taken 8 times
  • The average score is 13 of 20
Answer Stats
Rank Answer Population Largest Metro Area Population In India or China? % Correct
13 河北 / Hebei 74,200,000 6 mil Yes
86%
19 湖北省 / Hubei 58,440,000 12 mil Yes
86%
10 四川省 / Sichuan 83,740,000 17 mil Yes
86%
20 ఆంధ్రప్రదేశ్ / Andra Pradesh 53,156,000 2 mil Yes
71%
18 安徽省 / Anhui 61,270,000 8 mil Yes
71%
4 廣東省 / Guangdong 126,570,000 70 mil Yes
71%
9 江苏省 / Jiangsu 85,150,000 9 mil Yes
71%
8 मध्य प्रदेश / Madhya Pradesh 87,954,000 4 mil Yes
71%
1 उतार प्रदेश। / Uttar Pradesh 241,066,874 4 mil Yes
71%
5 पश्चिम बंगाल / West Bengal 103,553,153 17 mil Yes
71%
2 बिहार के ह / Bihar 129,205,000 3 mil Yes
57%
14 ગુજરાત / Gujarat 72,653,000 9 mil Yes
57%
7 河南省 / Henan 98,720,000 10 mil Yes
57%
16 湖南 / Hunan 66,040,000 11 mil Yes
57%
15 ಕರ್ನಾಟಕ / Karnataka 68,256,000 14 mil Yes
57%
3 महाराष्ट्र / Maharashtra 128,256,452 26 mil Yes
57%
12 தமிழ்நாடு / Tamil Nadu 77,165,000 12 mil Yes
57%
11 राजस्थान / Rajasthan 82,188,000 4 mil Yes
43%
6 山東省 / Shandong 101,630,000 7 mil Yes
43%
17 浙江省 / Zhejiang 65,770,000 13 mil Yes
43%
No matching quizzes found
Score Distribution
Percent of People with Each Score
Percentile by Number Answered
Your Score History
You have not taken this quiz